| 000 | 00770nam a22001817a 4500 | ||
|---|---|---|---|
| 005 | 20150124124533.0 | ||
| 008 | 130531t mx||||| |||| 00| 0 spa d | ||
| 100 | 1 |
_aRamírez Romero, Esperanza, _c[Dra.], _d[1937- ] |
|
| 245 | 1 | 0 |
_aMi ciudad y yo : Morelia / _cEsperanza Ramírez Romero. |
| 250 | _a2a. ed. | ||
| 260 |
_aMorelia, Michoacán de Ocampo, México : _bH. Ayuntamiento de Morelia 1993-1995, _c[1994] |
||
| 300 |
_a111 p. : _bil. ; _c28 cm. |
||
| 500 | _aNota : Copia encuadernada | ||
| 504 | _aIncluye índice | ||
| 650 | 7 |
_2LEMB _aArquitectura _xEstudio y enseñanza _zMorelia (Michoacán de Ocampo) _zMéxico |
|
| 651 | 7 |
_2LEMB _aMorelia (Michoacán de Ocampo) _zMéxico _xHistoria _xEstudio y enseñanza _vLibros de texto (Educación primaria) |
|
| 942 |
_2lcc _cLIB |
||
| 999 |
_c37851 _d37851 |
||